000 00321 a2200157 4500
001 57119
020 _a850810426X
040 _cAnchieta - Pituba
100 _aAguiar, Luiz Antonio
240 1 0 _aAleijado
_lpor
245 1 0 _aAleijado
300 _a128
362 0 _a2006
650 4 _aLiteratura juvenil
942 _cBK
999 _c57119
_d57119